Music Quiz

Random Music Quiz

5-Second Music Clips Quiz Stats

 Plays Quiz not verified by Sporcle

Challenge
Share
Tweet
Score 0/24 Timer 10:00
0 Plays Today
Time Frame Song % Correct
1:50-1:55I'm Gonna Be (500 Miles)
77.5%
1:45-1:50Genie in a Bottle
67.6%
1:10-1:15The Way You Make Me Feel
63.2%
1:05-1:10Ballroom Blitz
56%
1:30-1:35Don't Bring Me Down
49.5%
1:00-1:05Our Lips Are Sealed
34.1%
1:25-1:30The Way You Love Me
33%
0:35-0:40Superman
31.9%
0:30-0:35Mellow Yellow
31.3%
1:55-2:00Breakfast in America
31.3%
0:25-0:30One Thing
30.2%
0:15-0:20Dance With Me Tonight
29.7%
Time Frame Song % Correct
0:45-0:50The Remedy (I Won't Worry)
27.5%
1:40-1:45Girl
24.7%
0:50-0:55Young Turks
23.6%
0:20-0:25All For You
17.6%
0:00-0:05Livin' on the Edge
15.4%
0:05-0:10Mambo Italiano
11%
1:35-1:40Days Go By
7.7%
1:15-1:20Calling Dr. Love
6%
0:55-1:00Hodja
2.2%
1:20-1:25Don't Stop
1.6%
0:40-0:45Mambo Swing
1.1%
0:10-0:15House of the Rising Drum
0.5%

You're not logged in!

Compare scores with friends on all Sporcle quizzes.
Join for Free
OR
Log In

You Might Also Like...

Show Comments

Extras

Created Mar 19, 2013ReportFavoriteNominate
Tags:Music Clip

Top Quizzes Today


Score Distribution

Your Account Isn't Verified!

In order to create a playlist on Sporcle, you need to verify the email address you used during registration. Go to your Sporcle Settings to finish the process.

Report this User

Report this user for behavior that violates our Community Guidelines.

Details: